| 000 | 00761nmm a2200229Ia 4500 | ||
|---|---|---|---|
| 008 | 251105s9999||||xx |||||||||||||||||und|| | ||
| 041 | _aspa | ||
| 100 | _aMenéndez González, Luis Fernando | ||
| 245 | 0 | _aEscuela de padres y madres | |
| 264 |
_a[Madrid, España] : _bMinisterio de Educación, Cultura y Deporte de España, _c2013 |
||
| 300 | _a238 páginas | ||
| 490 | _aAula Mentor | ||
| 650 | _aEducation | ||
| 700 | _aMenéndez González, Luis Fernando | ||
| 700 | 1 | _a Fernández Pérez, Mercedes | |
| 700 | 1 | _a Hernández Aguilar, Mª Teresa | |
| 700 | 1 | _a Busó Cortés, Carmina | |
| 700 | 1 | _a Burillo Nadal, Josefina | |
| 700 | 1 | _a Durán Gervilla, Agustín | |
| 856 | _uhttps://public.digitaliapublishing.com/a/27736 | ||
| 942 | _cCF | ||
| 999 |
_c68773 _d68773 |
||